University Home | Library Home | Institutional Repository

Congo, terre de beaute et de prodiges. (Record no. 196719)

MARC details
000 -LEADER
fixed length control field 00572cam5a220020500 4500
001 - CONTROL NUMBER
control field qcf00394073
005 - DATE AND TIME OF LATEST TRANSACTION
control field 20190830121027.0
008 - FIXED-LENGTH DATA ELEMENTS--GENERAL INFORMATION
fixed length control field 791218s1955 be abc 000 0 fre c
010 ## - LIBRARY OF CONGRESS CONTROL NUMBER
LC control number a 55005426
035 ## - SYSTEM CONTROL NUMBER
System control number (Sirsi) r29298
035 ## - SYSTEM CONTROL NUMBER
System control number (QCAT)lss02583555
035 ## - SYSTEM CONTROL NUMBER
System control number (UPRA)qcf00394073
050 0# - LIBRARY OF CONGRESS CALL NUMBER
Classification number DT644
Item number .B68
245 00 - TITLE STATEMENT
Title Congo, terre de beaute et de prodiges.
260 ## - PUBLICATION, DISTRIBUTION, ETC.
Place of publication, distribution, etc. Bruxelles :
Name of publisher, distributor, etc. A. de Boeck,
Date of publication, distribution, etc. 1955.
651 #0 - SUBJECT ADDED ENTRY--GEOGRAPHIC NAME
Geographic name Zaire.
Linkage S4150.1
700 1# - ADDED ENTRY--PERSONAL NAME
Personal name Bourgaux, Louis.
Linkage A93658.1
949 ## - LOCAL PROCESSING INFORMATION (OCLC)
a DT644
w lcc
i -31990
m MAIN
t BOOK
l ON-SHELF

No items available.

© 2026 - The University of Zambia Library - Koha v25.11